La nieta del señor Linh / (Registro nro. 3)
[ vista simple ]
| 000 -LEADER | |
|---|---|
| fixed length control field | 01963nam a22002177a 4500 |
| 003 - CONTROL NUMBER IDENTIFIER | |
| control field | OSt |
| 005 - DATE AND TIME OF LATEST TRANSACTION | |
| control field | 20240408084330.0 |
| 008 - FIXED-LENGTH DATA ELEMENTS--GENERAL INFORMATION | |
| fixed length control field | 230623s2012 ag ||||| |||| 00| 1 spa d |
| 020 ## - INTERNATIONAL STANDARD BOOK NUMBER | |
| International Standard Book Number | 9788498380033 |
| 040 ## - CATALOGING SOURCE | |
| Transcribing agency | beso |
| 100 1# - MAIN ENTRY--PERSONAL NAME | |
| Personal name | Claudel, Philippe |
| Dates associated with a name | 1962- |
| Relator term | autor |
| 245 ## - TITLE STATEMENT | |
| Title | La nieta del señor Linh / |
| Statement of responsibility, etc. | Philippe Claudel ; traducción de José Antonio Soriano Marco |
| 250 ## - EDITION STATEMENT | |
| Edition statement | 16a ed. |
| 260 ## - PUBLICATION, DISTRIBUTION, ETC. | |
| Place of publication, distribution, etc. | Barcelona : |
| Name of publisher, distributor, etc. | Salamandra, |
| Date of publication, distribution, etc. | 2012 |
| 300 ## - PHYSICAL DESCRIPTION | |
| Extent | 126 p. |
| 490 ## - SERIES STATEMENT | |
| Series statement | Narrativa Salamandra |
| 520 ## - SUMMARY, ETC. | |
| Summary, etc. | Una fría mañana de noviembre, tras un penoso viaje en barco, un anciano desembarca en un país que podría ser Francia, donde no conoce a nadie y cuya lengua ignora. El señor Linh huye de una guerra que ha acabado con su familia y destrozado su aldea. La guerra le ha robado todo menos a su nieta, un bebé llamado Sang Diu, que en su idioma significa «Mañana dulce», una niña tranquila que duerme siempre que el abuelo tararee su nana, la melodía que han cantado durante generaciones las mujeres de la familia. Instalado en un piso de acogida, el señor Linh sólo se preocupa por su nieta, su única razón de existir hasta que conoce al señor Bark, un hombre robusto y afable cuya mujer ha fallecido recientemente. Un afecto espontáneo surge entre estos dos solitarios que hablan distintas lenguas, pero que son capaces de comprenderse en silencio y a través de pequeños gestos. Ambos se encuentran regularmente en un banco del parque hasta que, una mañana, los servicios sociales conducen al señor Linh a un hospicio que no está autorizado a abandonar. El señor Linh consigue, sin embargo, escapar con Sang Diu y adentrarse en la ciudad desconocida, decidido a encontrar a su único amigo. Su coraje y determinación lo conducirán a un inesperado desenlace, profundamente conmovedor [Nota del editor]. |
| 650 #4 - SUBJECT ADDED ENTRY--TOPICAL TERM | |
| Topical term or geographic name entry element | Literatura francesa |
| Form subdivision | Novelas |
| Chronological subdivision | Siglo XXI |
| 700 ## - ADDED ENTRY--PERSONAL NAME | |
| Personal name | Soriano Marco, José Antonio |
| Relator term | traductor |
| 942 ## - ADDED ENTRY ELEMENTS (KOHA) | |
| Source of classification or shelving scheme | Universal Decimal Classification |
| Koha item type | Obra General |
| Suppress in OPAC | No |
| Withdrawn status | Lost status | Source of classification or shelving scheme | Damaged status | Not for loan | Collection | Home library | Current library | Date acquired | Total checkouts | Full call number | Barcode | Date last seen | Price effective from | Koha item type |
|---|---|---|---|---|---|---|---|---|---|---|---|---|---|---|
| Universal Decimal Classification | Colección General | Biblioteca Escuela de Ciencias Sociales | Biblioteca Escuela de Ciencias Sociales | 23/06/2023 | 82-31(44) C615 | 000414 | 23/06/2023 | 23/06/2023 | Obra General |